000 01269nam a2200229Ia 4500
003 Ost
005 20260507074930.0
008 260507s9999||||xx |||||||||||||| ||und||
040 _cfsecg
041 _aara
082 _a658.8
100 _aالزعبي، علي فلاح
_eمؤلف
245 0 _aإدارة التوزيع :
_bمدخل تطبيقي-متكامل /
_c علي فلاح الزعبي
250 _aطبعة 2(مزيدة ومنقحة)
260 _aعمان:
_bدار المسيرة للنشر,
_c2015
300 _a392 صفحة؛
_bإيضاحات ؛
_c25 سم
504 _aالملاحق:ص.355-388؛ببليوغرافيا:ص.389-392
520 _aالتوزيع والإمداد،بيئة إدارة التوزيع،إستراتيجية إدارة التوزيع،ماهية قنوات التوزيع،الوسطاء الوظيفيون(مؤسسات السماسرة والوكلاء)،الوسطاء التجاريون(مؤسسات تجار التجزئة)،الوسطاء التجاريون(مؤسسات تجارة الجملة،ماهية نظام التوزيع المادي،قنوات توزيع الخدمات،قنوات التوزيع الدولي
653 _aإدارة الأعمال
653 _aالتسويق
942 _cكتاب
999 _c41848
_d41848